Once Upon a Time (Season 3) - Statistics

General Stats
  • This quiz has been taken 428 times
    425 since last reset
  • The average score is 7 of 19
Answer Stats
Hint Answer % Correct
Where does the first half of this season take place? Neverland
94%
Who has the heart of the truest believer? Henry Mills
83%
Who is Peter Pan to Rumplestiltskin? His father
59%
What did Henry use to fly? Pixie Dust
56%
Who is Selena's mother? Cora
54%
Who emerged form the urn that accidentally brought? Elsa
46%
How does Neal get to Neverland? Peter Pan's Shadow
41%
Who is Selena's monkey slave? The Wizard of Oz
39%
What substance was David harmed by? Dreamshade
38%
Who got sucked into the portal? Emma and Hook
38%
Why did Selena turn green? She was envious of Regina
31%
What does Peter Pan want? The Heart of the Truest Believer
30%
Where does Neal end up in the season premiere? The Enchanted Forest
27%
Why did Regina adopt Henry? She was lonely
13%
Who is Zelena? The Wicked Witch of the West
13%
What portal did Selena create? A time portal
7%
How did Peter Pan come to Storybrook? He switched bodies with Henry
3%
What does Pandora's Box do? Locks you in it for eternity
0%
What ingredients did Selena need? Wisdom, Courage, Love, and Innocence
0%
No matching quizzes found
Score Distribution
Percent of People with Each Score
Percentile by Number Answered
Your Score History
You have not taken this quiz since the last reset